| 000 | 01134nam a2200289 i 4500 | ||
|---|---|---|---|
| 001 | 000026729 | ||
| 003 | DO-SdBNP | ||
| 005 | 20250930142949.0 | ||
| 007 | ta | ||
| 008 | 110324s1997 dr 000 0 spa d | ||
| 040 |
_aDO-SdBNP _bspa _cBNPHU _erda |
||
| 041 | _aspa | ||
| 082 | 4 |
_a306.097293 _bE56h _222 |
|
| 111 | 1 |
_aEncuentro hacia un Programa de Desarrollo Cultural para la República Dominicana _d(1996 nov. 21 y 22 : _cSanto Domingo) _953840 |
|
| 245 | 1 | 0 |
_aHacia un programa de desarrollo cultural para la República Dominicana : _brelatoria ampliada del encuentro. |
| 264 | 1 |
_aSanto Domingo : _bPNUD, _c1997. |
|
| 300 |
_a156 páginas ; _c22 cm. |
||
| 336 |
_atexto _btxt _2rdacontent |
||
| 337 |
_asin mediación _bn _2rdamedia |
||
| 338 |
_avolumen _bn _2rdacarrier |
||
| 590 | _aInventariado, 2018/BT | ||
| 650 | 4 |
_aCultura _zRepública Dominicana _vCongresos, conferencias, etc. _953841 |
|
| 650 | 4 |
_aPolítica cultural _zRepública Dominicana _vCongresos, conferencias, etc. _953842 |
|
| 710 | 2 | 2 |
_aPrograma de las Naciones Unidas para el Desarrollo _9187 |
| 910 | _aValidado. Control de calidad. MFF | ||
| 942 |
_2ddc _cLBS1 |
||
| 999 |
_c26221 _d26221 |
||